[Event "12sen.WM-H Naumburg"]
[Site "Naumburg/Saale(20.10.-03.11.)"]
[Date "2002.10.31"]
[Round "9"]
[White "Lardot, Derik"]
[Black "Just, Joachim"]
[Result "1/2-1/2"]
[WhiteElo "1916"]
[BlackElo "2149"]
[PlyCount "177"]
[EventDate "2002.11.??"]

1. e4 e6 2. d4 d5 3. Nd2 c5 4. Ngf3 cxd4 5. exd5 Qxd5 6. Bc4 Qd6 7. O-O Nc6 8.
Re1 Nf6 9. Nb3 Be7 10. Nbxd4 Nxd4 11. Nxd4 a6 12. Bb3 O-O 13. Bg5 Rd8 14. Nf3
Qxd1 15. Raxd1 Bd7 16. Ne5 Be8 17. c3 Kf8 18. Rxd8 Rxd8 19. Rd1 Bd6 20. Nc4 Be7
21. Ne5 Bd6 22. Nc4 Bc7 23. Be3 Rxd1+ 24. Bxd1 Bc6 25. Bc5+ Kg8 26. Bb6 Bxb6
27. Nxb6 Kf8 28. Ba4 Bxa4 29. Nxa4 Nd7 30. c4 Ke7 31. Kf1 Kd6 32. Ke2 h5 33. h4
Ke5 34. Ke3 f6 35. b3 g5 36. Nb2 Kd6 37. g3 Ne5 38. f4 gxf4+ 39. Kxf4 Kc5 40.
a3 Kd4 41. b4 Ng6+ 42. Kf3 e5 43. Ke2 Kc3 44. Na4+ Kxc4 45. Nc5 f5 46. Nxb7 Kb3
47. Nc5+ Kxa3 48. Nxa6 Ka4 49. Kf3 Kb5 50. Nc7+ Kxb4 51. Nd5+ Kc5 52. Nf6 Kd4
53. Nxh5 Kd3 54. Kf2 Kd2 55. Ng7 Ne7 56. Ne6 Nd5 57. h5 Nf6 58. Ng7 Ng4+ 59.
Kf1 Nh6 60. Ne6 Ke3 61. Kg2 Ke2 62. Nc5 Ke3 63. Nd7 Kd4 64. Kf3 Ng4 65. Ke2 Ke4
66. Nc5+ Kd5 67. Nd3 Ke6 68. Nb4 Kf6 69. Nc6 Ke6 70. Nb4 Kf7 71. Nc6 Kf6 72.
Kf3 Kg5 73. Ne7 Nh6 74. Ke3 Kg4 75. Ng6 e4 76. Ne7 Kg5 77. Kd4 Kf6 78. Nd5+ Kg5
79. Ne7 Nf7 80. Ke3 Kf6 81. Nd5+ Ke5 82. Nf4 Nh6 83. Ng6+ Kf6 84. Kf4 Ng4 85.
Nh4 e3 86. Kf3 Kg5 87. h6 Nxh6 88. Kxe3 Ng4+ 89. Ke2 1/2-1/2

[Event "12sen.WM-H Naumburg"]
[Site "Naumburg/Saale(20.10.-03.11.)"]
[Date "2002.10.31"]
[Round "9"]
[White "Lieb, Harald"]
[Black "Masich, Vladimir"]
[Result "1-0"]
[WhiteElo "2314"]
[BlackElo "2084"]
[PlyCount "65"]
[EventDate "2002.11.??"]

1. d4 d5 2. Nf3 e6 3. c4 c6 4. g3 f5 5. Bg2 Nf6 6. O-O Bd6 7. Nc3 O-O 8. Bf4
Ne4 9. Rc1 Bxf4 10. gxf4 Nd7 11. e3 Qe8 12. Ne5 Ndf6 13. Nxe4 fxe4 14. f3 exf3
15. Bxf3 Nd7 16. Nd3 Rf6 17. Kh1 Rh6 18. Rg1 Qe7 19. Rg5 dxc4 20. Rxc4 Nb6 21.
Rc2 Nd5 22. Qg1 Bd7 23. Rcg2 g6 24. e4 Nf6 25. e5 Ne8 26. Be4 Ng7 27. Nf2 Rf8
28. Ng4 Rh4 29. Nf6+ Kh8 30. Qf2 Rh6 31. Bxg6 hxg6 32. Rxg6 Rh3 33. Qg3 1-0

[Event "12sen.WM-H Naumburg"]
[Site "Naumburg/Saale(20.10.-03.11.)"]
[Date "2002.10.31"]
[Round "9"]
[White "Lundberg, Gunnar"]
[Black "Tschirky, Werner"]
[Result "1-0"]
[WhiteElo "1972"]
[BlackElo "1652"]
[PlyCount "59"]
[EventDate "2002.11.??"]

1. e4 c5 2. Nf3 d6 3. d4 cxd4 4. Nxd4 Nf6 5. Nc3 Nc6 6. Be2 e5 7. Nb3 Be7 8.
O-O O-O 9. Be3 Be6 10. f3 a5 11. Nd5 Bxd5 12. exd5 Nb8 13. a4 Nbd7 14. c4 Nc5
15. Nxc5 dxc5 16. Bd3 Bd6 17. Qc2 h6 18. Qf2 b6 19. Rae1 Qc7 20. g4 g5 21. h4
e4 22. fxe4 Nxg4 23. Qf5 Bh2+ 24. Kh1 Nxe3 25. Rxe3 Qe5 26. hxg5 Qxf5 27. exf5
Bd6 28. gxh6 Kh7 29. f6+ Kxh6 30. Rg1 1-0

[Event "12sen.WM-H Naumburg"]
[Site "Naumburg/Saale(20.10.-03.11.)"]
[Date "2002.10.31"]
[Round "9"]
[White "Maassen, Hermann"]
[Black "Braune, Herbert"]
[Result "1-0"]
[WhiteElo "1635"]
[BlackElo "1556"]
[PlyCount "85"]
[EventDate "2002.11.??"]

1. e4 e5 2. f4 exf4 3. Nf3 d5 4. exd5 Qxd5 5. Nc3 Qd8 6. Bc4 Bd6 7. O-O Nf6 8.
Re1+ Be6 9. Ng5 Bc5+ 10. Kh1 O-O 11. Bxe6 fxe6 12. Nxe6 Qd6 13. Nxf8 Qxf8 14.
d4 Bd6 15. Rf1 g5 16. Qd3 Nc6 17. Qb5 Nxd4 18. Qxg5+ Qg7 19. Qxg7+ Kxg7 20.
Bxf4 Nxc2 21. Rac1 Bxf4 22. Rxf4 Re8 23. Kg1 Ne3 24. Nb5 c6 25. Nd6 Re7 26.
Nf5+ Nxf5 27. Rxf5 Nd5 28. Kf2 Nb6 29. Rc3 Nd5 30. Rg3+ Kh6 31. Rgf3 Kg6 32. h4
h5 33. Rg5+ Kh6 34. Rf8 Kh7 35. Rxh5+ Kg7 36. Rf3 Nf6 37. Rg5+ Kf7 38. Rgf5 Re6
39. g4 Ke7 40. R5f4 Ne4+ 41. Kg2 Nd6 42. g5 Re2+ 43. Rf2 1-0

[Event "12sen.WM-H Naumburg"]
[Site "Naumburg/Saale(20.10.-03.11.)"]
[Date "2002.10.31"]
[Round "9"]
[White "Malich, Burkhard_Dr"]
[Black "Kanko, Ilkka"]
[Result "0-1"]
[WhiteElo "2370"]
[BlackElo "2265"]
[PlyCount "82"]
[EventDate "2002.11.??"]

1. Nf3 Nf6 2. c4 c5 3. Nc3 Nc6 4. g3 d5 5. cxd5 Nxd5 6. Bg2 Nc7 7. b3 e5 8. Bb2
Be7 9. O-O O-O 10. Rc1 f6 11. e3 Bg4 12. h3 Bh5 13. g4 Bf7 14. a3 Na5 15. d3
Nxb3 16. Rb1 c4 17. Nd2 Nxd2 18. Qxd2 Qxd3 19. Qc1 Qd6 20. Bxb7 Rab8 21. Be4
Qa6 22. a4 Rfd8 23. Qc2 g6 24. Rfd1 Qa5 25. Kg2 Na6 26. Rxd8+ Rxd8 27. Rd1 Nb4
28. Qe2 Be6 29. f4 Rxd1 30. Qxd1 Qb6 31. Bc1 Qd6 32. Qxd6 Bxd6 33. Kf3 f5 34.
gxf5 gxf5 35. Bb1 e4+ 36. Ke2 Nd3 37. Bd2 Bb4 38. Nb5 a5 39. Nd4 Bf7 40. Kd1 c3
41. Bc1 Bh5+ 0-1

[Event "12sen.WM-H Naumburg"]
[Site "Naumburg/Saale(20.10.-03.11.)"]
[Date "2002.10.31"]
[Round "9"]
[White "Marzoll, Wolfgang"]
[Black "Flores_Escuin, Sadurni"]
[Result "1/2-1/2"]
[WhiteElo "2325"]
[BlackElo "2078"]
[PlyCount "22"]
[EventDate "2002.11.??"]

1. e4 c5 2. Nf3 d6 3. c3 Nf6 4. Be2 Bd7 5. d3 g6 6. O-O Nc6 7. Re1 Bg7 8. Bf1
O-O 9. h3 e5 10. d4 cxd4 11. cxd4 Rc8 1/2-1/2

[Event "12sen.WM-H Naumburg"]
[Site "Naumburg/Saale(20.10.-03.11.)"]
[Date "2002.10.31"]
[Round "9"]
[White "Maugg, Ludwig"]
[Black "Fronczek, Heinrich"]
[Result "0-1"]
[WhiteElo "2142"]
[BlackElo "2272"]
[PlyCount "104"]
[EventDate "2002.11.??"]

1. d4 Nf6 2. Nf3 c5 3. d5 d6 4. Nc3 e5 5. e4 g6 6. Be2 Bg7 7. Nd2 O-O 8. O-O
Ne8 9. Nc4 Nd7 10. f4 exf4 11. Bxf4 Ne5 12. Nxe5 dxe5 13. Be3 b6 14. Qd2 Nd6
15. Rad1 Bd7 16. Bg5 f6 17. Be3 Qc7 18. a4 a6 19. Bh6 b5 20. axb5 axb5 21. Bxg7
Kxg7 22. Qe3 b4 23. Nb1 Ra2 24. Qb3 Ra5 25. Nd2 Ba4 26. Qd3 Bb5 27. Qe3 c4 28.
c3 b3 29. Nb1 Ra2 30. Rd2 Qa7 31. Qxa7+ Rxa7 32. Bf3 f5 33. Na3 Bd7 34. Re1 f4
35. Rf2 g5 36. g4 Rfa8 37. h3 Kf6 38. Kg2 Rxa3 39. bxa3 Rxa3 40. Rb2 Ba4 41.
Kf2 Ra2 42. Rxa2 bxa2 43. Ke2 Bc2 44. Ra1 Bb1 45. Kd2 Bxe4 46. Bxe4 Nxe4+ 47.
Kc2 f3 48. Rf1 f2 49. Kb2 Ke7 50. Kxa2 Nxc3+ 51. Kb2 Ne4 52. Kc2 Kd6 0-1

[Event "12sen.WM-H Naumburg"]
[Site "Naumburg/Saale(20.10.-03.11.)"]
[Date "2002.10.31"]
[Round "9"]
[White "Mayers, Dan_E"]
[Black "Kraft, Gerhard"]
[Result "1-0"]
[WhiteElo "2079"]
[BlackElo "1819"]
[PlyCount "61"]
[EventDate "2002.11.??"]

1. e4 e5 2. f4 exf4 3. Bc4 Qh4+ 4. Kf1 d6 5. d4 Be6 6. Qe2 Bxc4 7. Qxc4 c6 8.
Nf3 Qh6 9. Nc3 g5 10. h4 Be7 11. Kg1 Qg7 12. hxg5 Bxg5 13. Qb4 f6 14. Qxd6 Qe7
15. Bxf4 Qxd6 16. Bxd6 Be3+ 17. Kf1 Nd7 18. Re1 Bg5 19. e5 O-O-O 20. Nxg5 fxg5
21. Ne4 g4 22. Ng5 Ndf6 23. Nf7 Ne8 24. Nxh8 Nxd6 25. exd6 Rf8+ 26. Kg1 Nf6 27.
Rh6 Kd7 28. Rf1 Ke6 29. d7 Rxh8 30. Rhxf6+ Kxd7 31. Rf8 1-0

[Event "12sen.WM-H Naumburg"]
[Site "Naumburg/Saale(20.10.-03.11.)"]
[Date "2002.10.31"]
[Round "9"]
[White "Meinhardt, Guenther"]
[Black "Neumann, Horst"]
[Result "1/2-1/2"]
[WhiteElo "1763"]
[BlackElo "2035"]
[PlyCount "108"]
[EventDate "2002.11.??"]

1. Nf3 d5 2. d4 Nf6 3. c4 c6 4. Nc3 e6 5. e3 Bd6 6. Bd3 Nbd7 7. O-O b6 8. cxd5
exd5 9. Qe2 O-O 10. a3 Re8 11. b4 Nf8 12. Bb2 Bg4 13. Rac1 Ne6 14. Qd1 Rc8 15.
Be2 Bb8 16. h3 Bh5 17. g4 Bg6 18. Ba6 Rc7 19. Ne5 Nd7 20. Nxg6 hxg6 21. Qf3 Nf6
22. Bd3 Qd6 23. Ne2 Ng5 24. Qg2 Nfe4 25. Rc2 Qf6 26. f4 Nh7 27. g5 Qd6 28. h4
Nf8 29. Rf3 Rce7 30. Qh3 Nh7 31. Qg4 f5 32. Qg2 Kf7 33. b5 c5 34. dxc5 bxc5 35.
Be5 Qb6 36. Bxb8 Rxb8 37. h5 c4 38. hxg6+ Qxg6 39. Bxe4 dxe4 40. Rf2 Rxb5 41.
Rxc4 Nf6 42. Nd4 Rd5 43. Rc6 Kg8 44. Qh3 Qh5 45. Qxh5 Nxh5 46. g6 Re8 47. Kg2
Nf6 48. Rc7 Ng4 49. Re2 Nxe3+ 50. Rxe3 Rxd4 51. Kf2 Rd2+ 52. Kf1 Kf8 53. Rf7+
Kg8 54. Rc7 Kh8 1/2-1/2

[Event "12sen.WM-H Naumburg"]
[Site "Naumburg/Saale(20.10.-03.11.)"]
[Date "2002.10.31"]
[Round "9"]
[White "Melzig, Ernst"]
[Black "Polk, Maria"]
[Result "1-0"]
[WhiteElo "1405"]
[BlackElo "1233"]
[PlyCount "99"]
[EventDate "2002.11.??"]

1. b4 e6 2. Bb2 Ne7 3. e3 a6 4. c4 Nbc6 5. b5 axb5 6. cxb5 Na7 7. h4 b6 8. Nf3
c5 9. d4 Nd5 10. dxc5 bxc5 11. Bc4 Qa5+ 12. Nfd2 Nb4 13. O-O d5 14. Nb3 Qc7 15.
Be2 c4 16. Nd4 Bd6 17. g3 O-O 18. Nc3 e5 19. Nc2 Bb7 20. Nxb4 Bxb4 21. Nxd5 Qd6
22. Bxc4 Rad8 23. e4 Bc8 24. Qf3 Kh8 25. Ba3 Bxa3 26. Qxa3 Qg6 27. Qe3 Bh3 28.
Rfd1 Nc8 29. b6 Nd6 30. Bd3 f5 31. Ne7 Qe6 32. Nd5 f4 33. gxf4 exf4 34. Qf3 g5
35. Bf1 Bg4 36. Qc3+ Kg8 37. f3 Bh5 38. Bc4 Bf7 39. Nf6+ Qxf6 40. Qxf6 Bxc4 41.
Qxg5+ Kh8 42. Qe5+ Kg8 43. Rxd6 Rde8 44. Qc5 Be2 45. Kf2 Ba6 46. Rb1 Rc8 47.
Rc6 Rcd8 48. Rb2 Bb7 49. Rc7 Rb8 50. Qe7 1-0

[Event "12sen.WM-H Naumburg"]
[Site "Naumburg/Saale(20.10.-03.11.)"]
[Date "2002.10.31"]
[Round "9"]
[White "Meszaros, Ignac"]
[Black "Reichenbach, Werner"]
[Result "0-1"]
[WhiteElo "2144"]
[BlackElo "2297"]
[PlyCount "70"]
[EventDate "2002.11.??"]

1. Nf3 Nf6 2. e3 g6 3. b3 Bg7 4. Bb2 O-O 5. Be2 d6 6. d4 Nbd7 7. O-O e5 8. dxe5
Ng4 9. Nbd2 Ngxe5 10. Rb1 Qe7 11. c4 a5 12. Ne1 Nc5 13. Qc2 Re8 14. Rd1 Bf5 15.
e4 Bd7 16. Nb1 f5 17. exf5 Bxf5 18. Qc1 Nc6 19. Bxg7 Qxg7 20. Bf3 Ne5 21. Qd2
Kh8 22. Rc1 g5 23. Bh5 Rf8 24. Bd1 g4 25. Bc2 Bd7 26. Qc3 Bc6 27. Qg3 Ne6 28.
Nd2 Nf4 29. Bd1 Qh6 30. Qe3 Rae8 31. Qd4 Qg7 32. Qc3 Rf5 33. f3 g3 34. hxg3
Qxg3 35. Ne4 Bxe4 0-1

[Event "12sen.WM-H Naumburg"]
[Site "Naumburg/Saale(20.10.-03.11.)"]
[Date "2002.10.31"]
[Round "9"]
[White "Neese, Hans_Joachim"]
[Black "Schulz, Wolfgang[32Hamb]"]
[Result "1-0"]
[WhiteElo "2247"]
[BlackElo "2117"]
[PlyCount "95"]
[EventDate "2002.11.??"]

1. d4 d6 2. Nf3 g6 3. c4 Bg7 4. e4 Nf6 5. Nc3 O-O 6. Be2 e5 7. O-O Na6 8. d5
Nh5 9. Ne1 Nf4 10. Nd3 Nxd3 11. Bxd3 f5 12. f3 Bd7 13. Be2 Bf6 14. Be3 f4 15.
Bf2 Bh4 16. a3 Qg5 17. Bxh4 Qxh4 18. b4 h5 19. c5 dxc5 20. Bxa6 bxa6 21. bxc5
Qg5 22. c6 Bh3 23. Rf2 Rad8 24. Rb1 Bc8 25. Qb3 Kh8 26. Qb8 Qe7 27. Qb4 Rd6 28.
Qc5 g5 29. Rb8 g4 30. Ne2 Rg8 31. fxg4 hxg4 32. g3 Qh7 33. Rb4 Rh6 34. Qc3 Qe7
35. Nxf4 a5 36. Rb8 Rf6 37. Nd3 Rxf2 38. Nxf2 Qf6 39. Nd3 Re8 40. Nxe5 Kg7 41.
Qb2 Ba6 42. Nxg4 Qxb2 43. Rxb2 Rxe4 44. Nf2 Rd4 45. Rb7 Rxd5 46. Rxc7+ Kf6 47.
Rxa7 Be2 48. c7 1-0

[Event "12sen.WM-H Naumburg"]
[Site "Naumburg/Saale(20.10.-03.11.)"]
[Date "2002.10.31"]
[Round "9"]
[White "Niebling, Ferdinand"]
[Black "Davydov, Michael"]
[Result "1-0"]
[WhiteElo "2131"]
[BlackElo "2038"]
[PlyCount "51"]
[EventDate "2002.11.??"]

1. e4 e5 2. Nf3 Nf6 3. Nxe5 d6 4. Nf3 Nxe4 5. Bd3 Nc5 6. Be2 d5 7. d4 Ne6 8.
O-O Be7 9. Re1 O-O 10. Nbd2 Nf4 11. Nf1 Nxe2+ 12. Qxe2 Bf6 13. Bf4 Nc6 14. c3
Bf5 15. Ne3 Be6 16. Rad1 a6 17. Ne5 Ne7 18. N5g4 Ng6 19. Nxf6+ gxf6 20. Bh6 Re8
21. Qf3 Kh8 22. Nxd5 f5 23. Nf4 Bxa2 24. Rxe8+ Qxe8 25. Nh5 Qe6 26. d5 1-0

[Event "12sen.WM-H Naumburg"]
[Site "Naumburg/Saale(20.10.-03.11.)"]
[Date "2002.10.31"]
[Round "9"]
[White "Oelert, Ralf"]
[Black "Khanukov, Boris"]
[Result "0-1"]
[WhiteElo "2077"]
[BlackElo "2370"]
[PlyCount "120"]
[EventDate "2002.11.??"]

1. d4 Nf6 2. Nd2 d5 3. e3 c5 4. c3 e6 5. Bd3 Nc6 6. f4 Bd6 7. Ndf3 Ne4 8. g3 f6
9. Qc2 f5 10. Qg2 O-O 11. Ne5 Nxe5 12. fxe5 Be7 13. h4 Bd7 14. Ne2 b5 15. Nf4
b4 16. c4 Bc8 17. cxd5 exd5 18. b3 Rf7 19. Nxd5 Qxd5 20. Bc4 Qb7 21. O-O g6 22.
g4 Nc3 23. d5 Be6 24. dxe6 Qxg2+ 25. Kxg2 Rff8 26. gxf5 Rxf5 27. Rxf5 gxf5 28.
Bb2 Rd8 29. Kf3 Rd2 30. Rg1+ Kf8 31. Rg2 Rxg2 32. Kxg2 Bxh4 33. Kf3 Bg5 34. a4
Ke7 35. Bc1 h5 36. Bd2 h4 37. Kg2 Nd1 38. Kf3 a5 39. Bc1 Nc3 40. Bd2 Ne4 41.
Be1 Kf8 42. Bd3 Kg7 43. Bxe4 fxe4+ 44. Kxe4 c4 45. bxc4 Be7 46. Kd3 h3 47. Bg3
Kg6 48. Ke4 Kg7 49. Kd3 Kf8 50. Bh2 Bc5 51. Ke4 Ke7 52. Kd3 Kxe6 53. Ke4 Bb6
54. Bg3 Bc7 55. Bh2 b3 56. Kd3 Bxe5 57. Bg1 h2 58. Bxh2 Bxh2 59. Kc3 Bg1 60.
Kxb3 Bxe3 0-1

[Event "12sen.WM-H Naumburg"]
[Site "Naumburg/Saale(20.10.-03.11.)"]
[Date "2002.10.31"]
[Round "9"]
[White "Ollek, Karl_Heinz"]
[Black "Nopp, Josef"]
[Result "1/2-1/2"]
[WhiteElo "1663"]
[BlackElo "1579"]
[PlyCount "47"]
[EventDate "2002.11.??"]

1. c4 Nf6 2. Nc3 c5 3. g3 e6 4. e4 d6 5. Bg2 Be7 6. Nf3 Nbd7 7. O-O O-O 8. d4
cxd4 9. Nxd4 a6 10. a4 Ne5 11. Qe2 Bd7 12. f4 Nc6 13. Nxc6 Bxc6 14. Be3 Nd7 15.
a5 Bf6 16. Na4 Bxa4 17. Rxa4 Nc5 18. Ra3 e5 19. f5 Rc8 20. b4 Nd7 21. Rd1 Be7
22. Rb3 b5 23. cxb5 axb5 24. Qxb5 1/2-1/2

[Event "12sen.WM-H Naumburg"]
[Site "Naumburg/Saale(20.10.-03.11.)"]
[Date "2002.10.31"]
[Round "9"]
[White "Olsen, Willy"]
[Black "Demmer, Wolfgang"]
[Result "1/2-1/2"]
[WhiteElo "1842"]
[BlackElo "1753"]
[PlyCount "59"]
[EventDate "2002.11.??"]

1. d4 d6 2. Nf3 Nf6 3. Nc3 c6 4. e4 Qa5 5. Bd2 e5 6. Be2 Nbd7 7. O-O Qb6 8.
dxe5 dxe5 9. b3 Qc7 10. Bg5 Bb4 11. Bd2 Bxc3 12. Bxc3 Nxe4 13. Bb2 O-O 14. Bd3
Nef6 15. Re1 Re8 16. Bf5 b6 17. Qe2 Bb7 18. Rad1 c5 19. Nxe5 Nxe5 20. Bxe5 Qc6
21. Qf1 g6 22. Bh3 Rad8 23. Rxd8 Rxd8 24. Rd1 Rd5 25. Rxd5 Nxd5 26. Qd3 f6 27.
Bg3 Qe8 28. Qd2 f5 29. c4 Nf6 30. f3 1/2-1/2

[Event "12sen.WM-H Naumburg"]
[Site "Naumburg/Saale(20.10.-03.11.)"]
[Date "2002.10.31"]
[Round "9"]
[White "Opl, Klaus_Dr"]
[Black "Piankov, Evgenij"]
[Result "0-1"]
[WhiteElo "2279"]
[BlackElo "2353"]
[PlyCount "46"]
[EventDate "2002.11.??"]

1. d4 d5 2. c4 e6 3. Nc3 c6 4. e3 Bd6 5. Nf3 f5 6. Bd3 Nf6 7. h3 Ne4 8. g4 Bb4
9. Kf1 O-O 10. gxf5 Bxc3 11. bxc3 Rxf5 12. Rh2 Nxc3 13. Qc2 Rxf3 14. Qxc3 Qh4
15. Qb4 e5 16. cxd5 Na6 17. Qd6 Bxh3+ 18. Ke1 Raf8 19. dxc6 Rxf2 20. Qe6+ Kh8
21. Rxh3 Rf1+ 22. Kd2 Qe1+ 23. Kc2 R8f2+ 0-1

[Event "12sen.WM-H Naumburg"]
[Site "Naumburg/Saale(20.10.-03.11.)"]
[Date "2002.10.31"]
[Round "9"]
[White "Otto, Klaus"]
[Black "Heinemann, Klaus_Detlef"]
[Result "1-0"]
[WhiteElo "1652"]
[BlackElo "1458"]
[PlyCount "119"]
[EventDate "2002.11.??"]

1. e4 c5 2. Nf3 Nc6 3. d4 cxd4 4. Nxd4 Nf6 5. Nc3 a6 6. Be2 d6 7. O-O e5 8. Nb3
Be7 9. Be3 O-O 10. f3 Nd7 11. Nd5 Bg5 12. Bxg5 Qxg5 13. Nc7 Ra7 14. Qxd6 Qe3+
15. Rf2 Nf6 16. Qd3 Qg5 17. Nd5 Nh5 18. Qe3 Nf4 19. Nxf4 exf4 20. Qc5 Qxc5 21.
Nxc5 b6 22. Nd3 g5 23. c3 Re8 24. Rd1 Rae7 25. Nc1 b5 26. Bd3 Ne5 27. Rfd2 g4
28. Be2 gxf3 29. gxf3 f5 30. Rd8 fxe4 31. fxe4 f3 32. Bf1 Rg7+ 33. Kf2 Ng4+ 34.
Ke1 Rge7 35. Rxe8+ Rxe8 36. Rd4 Bb7 37. h3 Nf6 38. Bd3 Bxe4 39. Kf2 Ba8 40. Nb3
Kf7 41. Nd2 Re5 42. Nxf3 Rd5 43. Rxd5 Bxd5 44. b3 h6 45. Nd4 Be4 46. Ke3 Bg2
47. Bf5 Nd5+ 48. Kd2 Kf6 49. Bc8 Nc7 50. c4 bxc4 51. bxc4 Ke5 52. Kc3 Kd6 53.
Nf5+ Kc5 54. Nxh6 Bf1 55. Nf5 Bxc4 56. a3 Be6 57. Bxe6 Nxe6 58. h4 Kb5 59. Nd4+
Nxd4 60. Kxd4 1-0

[Event "12sen.WM-H Naumburg"]
[Site "Naumburg/Saale(20.10.-03.11.)"]
[Date "2002.10.31"]
[Round "9"]
[White "Pastowski, Werner"]
[Black "Reichert, Rudolf"]
[Result "1-0"]
[WhiteElo "1550"]
[BlackElo "1581"]
[PlyCount "83"]
[EventDate "2002.11.??"]

1. c4 e6 2. Nc3 Nf6 3. d4 d5 4. e3 a6 5. Bd3 dxc4 6. Bxc4 b5 7. Be2 Bb7 8. Bf3
c6 9. Nge2 Nbd7 10. O-O Bd6 11. Ne4 Nxe4 12. Bxe4 Qh4 13. f4 g5 14. g3 Qh6 15.
Bd2 Nf6 16. Bf3 Rb8 17. Rf2 c5 18. Bxb7 Rxb7 19. Rg2 Rd7 20. Qc2 c4 21. e4 gxf4
22. e5 Bb8 23. Bxf4 Qh3 24. exf6 Ba7 25. Be5 Qh5 26. Qe4 Rd5 27. Kh1 Qg5 28.
Nf4 Qg4 29. h3 Qg5 30. Nxd5 exd5 31. Qxd5 O-O 32. Qf3 Kh8 33. g4 Bb8 34. Qg3
Ba7 35. Re2 Rg8 36. Qf3 Qh4 37. Kh2 Qh6 38. Qf4 Qf8 39. g5 Qd8 40. h4 Re8 41.
g6 Rxe5 42. dxe5 1-0

[Event "12sen.WM-H Naumburg"]
[Site "Naumburg/Saale(20.10.-03.11.)"]
[Date "2002.10.31"]
[Round "9"]
[White "Perk, Egbert"]
[Black "Kunath, Werner"]
[Result "1-0"]
[WhiteElo "1910"]
[BlackElo "2122"]
[PlyCount "200"]
[EventDate "2002.11.??"]

1. d4 Nf6 2. c4 c5 3. Nf3 cxd4 4. Nxd4 e5 5. Nc2 d5 6. cxd5 Bf5 7. Nc3 Nbd7 8.
Ne3 Bg6 9. g3 Bc5 10. Bg2 O-O 11. O-O a6 12. h3 b5 13. a3 Bd6 14. Ng4 Ne8 15.
e4 Rc8 16. Ne3 Qb6 17. Kh2 f6 18. Nf5 Bxf5 19. exf5 Bc5 20. Ne4 Bd4 21. Qb3 Nd6
22. Nxd6 Qxd6 23. Be3 Nc5 24. Qb4 Bxe3 25. fxe3 Rfe8 26. e4 Qd7 27. Rad1 Na4
28. Rc1 a5 29. Qd2 Nc5 30. Qe3 Nb7 31. Rfd1 a4 32. Qb6 Nd6 33. Rc6 Red8 34.
Rdc1 Rb8 35. Qc5 Nc4 36. Bf1 Nd2 37. d6 Nf3+ 38. Kh1 Nd4 39. Qd5+ Kh8 40. Rc7
Qxd6 41. Qf7 Qf8 42. Qh5 Rbc8 43. Kg1 Rxc7 44. Rxc7 Rb8 45. Qg4 Re8 46. Qd1 Re7
47. Qc1 h6 48. Qc5 Re8 49. Bxb5 Qxc5 50. Rxc5 Rb8 51. Bxa4 g6 52. fxg6 Kg7 53.
b4 Kxg6 54. Bd7 h5 55. h4 Rb7 56. Be8+ Kh6 57. Kf2 Re7 58. Bc6 Ra7 59. a4 Ra6
60. Bd7 Rd6 61. Rd5 Ra6 62. a5 Ra7 63. Rd6 Kg7 64. Be8 Kf8 65. Bxh5 Ke7 66. Rb6
Rc7 67. a6 Rc2+ 68. Ke1 Ra2 69. b5 Ra1+ 70. Kd2 Ra5 71. Bg4 Nxb5 72. Bc8 Nd6
73. Bb7 f5 74. h5 fxe4 75. h6 Ra1 76. Ke2 Ra2+ 77. Ke1 Ra1+ 78. Ke2 Ra2+ 79.
Kd1 Nc4 80. h7 Rh2 81. Rc6 Nb2+ 82. Kc1 Nd3+ 83. Kb1 e3 84. Rc2 Rxc2 85. Kxc2
e2 86. h8=Q e1=Q 87. Kxd3 Qxg3+ 88. Kc4 Qf4+ 89. Kb5 Qf1+ 90. Kb6 Qf2+ 91. Kc7
Qc5+ 92. Kb8 Qd6+ 93. Ka8 Kf7 94. Qh7+ Kf8 95. Qf5+ Kg7 96. Qc8 Kh7 97. a7 Qd4
98. Qc7+ Kg6 99. Qc6+ Kg5 100. Qd5 Qb2 1-0

[Event "12sen.WM-H Naumburg"]
[Site "Naumburg/Saale(20.10.-03.11.)"]
[Date "2002.10.31"]
[Round "9"]
[White "Piastowski, Kurt"]
[Black "Nietsch, Horst"]
[Result "1/2-1/2"]
[WhiteElo "1887"]
[BlackElo "2085"]
[PlyCount "123"]
[EventDate "2002.11.??"]

1. d4 e6 2. Nf3 Nf6 3. Bf4 b6 4. e3 Bb7 5. Be2 Be7 6. O-O O-O 7. h3 d5 8. Nbd2
Ne4 9. c4 Nd7 10. Qc2 c5 11. Ne5 cxd4 12. exd4 Nxd2 13. Qxd2 dxc4 14. Bxc4 Rc8
15. Be2 Nxe5 16. Bxe5 Bd5 17. Ba6 Bc4 18. Bxc8 Bxf1 19. Rxf1 Qxc8 20. Rc1 Qa6
21. b3 Rc8 22. Rxc8+ Qxc8 23. Bf4 f6 24. Qc1 Qxc1+ 25. Bxc1 Kf7 26. Kf1 Bd6 27.
Ke2 Ke7 28. Kd3 Kd7 29. Kc4 Kc6 30. a4 a6 31. Bd2 b5+ 32. axb5+ axb5+ 33. Kd3
Kd5 34. f3 Bg3 35. Be3 g5 36. Bg1 h5 37. Be3 Bc7 38. Bd2 h4 39. Be3 Bb6 40. Kc3
e5 41. Kd3 Bxd4 42. Bd2 Bc5 43. Ba5 Be7 44. Bb6 f5 45. Ba5 e4+ 46. fxe4+ fxe4+
47. Ke3 Bd6 48. Bc3 Bc5+ 49. Ke2 Bd4 50. Bb4 Ke5 51. Bd2 Kf5 52. Be1 Bc5 53.
Kf1 Be7 54. Ke2 Kf4 55. Kf2 e3+ 56. Ke2 Ke4 57. Ba5 Bd6 58. Bb6 Bf4 59. Ba7 Kf5
60. Kf3 Ke5 61. Ke2 Ke4 62. Bb6 1/2-1/2

[Event "12sen.WM-H Naumburg"]
[Site "Naumburg/Saale(20.10.-03.11.)"]
[Date "2002.10.31"]
[Round "9"]
[White "Potthammel, Joerg"]
[Black "Luecke, Volkmar"]
[Result "1-0"]
[WhiteElo "2111"]
[BlackElo "1890"]
[PlyCount "83"]
[EventDate "2002.11.??"]

1. e4 e6 2. d4 d5 3. Nc3 dxe4 4. Nxe4 Nd7 5. Nf3 Ngf6 6. Nxf6+ Nxf6 7. Bc4 Be7
8. O-O O-O 9. Bg5 Nd5 10. Bxe7 Qxe7 11. Qe2 Qf6 12. Ne5 Qh4 13. Rad1 c6 14.
Rfe1 f6 15. Nf3 Qg4 16. h3 Qg6 17. Qd2 Bd7 18. Bd3 Qf7 19. c4 Ne7 20. Qc2 g6
21. Re2 Kg7 22. Rde1 Rfe8 23. Qc3 h6 24. Nd2 Rad8 25. Qa3 a6 26. Ne4 Nc8 27.
Nc5 Nd6 28. Nxa6 Nxc4 29. Bxc4 bxa6 30. Qxa6 Ra8 31. Qb6 Rab8 32. Qc5 Qe7 33.
Qxe7+ Rxe7 34. b3 Ra8 35. a4 Ra5 36. Bxe6 c5 37. Bxd7 Rxd7 38. Re7+ Rxe7 39.
Rxe7+ Kf8 40. Rd7 cxd4 41. Rxd4 Ke7 42. Rb4 1-0

[Event "12sen.WM-H Naumburg"]
[Site "Naumburg/Saale(20.10.-03.11.)"]
[Date "2002.10.31"]
[Round "9"]
[White "Rauscher, Erwin"]
[Black "Mueller, Hartmut_Dieter"]
[Result "1-0"]
[WhiteElo "1579"]
[BlackElo "1505"]
[PlyCount "29"]
[EventDate "2002.11.??"]

1. Nf3 b6 2. d4 Nf6 3. Nbd2 Bb7 4. g3 e6 5. Bg2 c5 6. c3 Nc6 7. O-O Qc8 8. Re1
d5 9. e4 cxd4 10. Nxd4 Bc5 11. Nxc6 Bxc6 12. exd5 Nxd5 13. Nb3 O-O 14. Nxc5
bxc5 15. Bxd5 1-0

[Event "12sen.WM-H Naumburg"]
[Site "Naumburg/Saale(20.10.-03.11.)"]
[Date "2002.10.31"]
[Round "9"]
[White "Reznikov, Emmanouil"]
[Black "Ehlert, Joachim"]
[Result "1-0"]
[WhiteElo "2098"]
[BlackElo "1856"]
[PlyCount "47"]
[EventDate "2002.11.??"]

1. e4 c5 2. c3 e6 3. d4 cxd4 4. cxd4 Nf6 5. e5 Nd5 6. Nf3 Bb4+ 7. Bd2 Bxd2+ 8.
Nbxd2 d6 9. Bc4 Nb6 10. O-O O-O 11. Qe2 Bd7 12. Bd3 Bc6 13. Ne4 dxe5 14. dxe5
Nd5 15. g3 f5 16. exf6 Nxf6 17. Neg5 Bd5 18. Nxe6 Bxe6 19. Qxe6+ Kh8 20. Rad1
Qe8 21. Qh3 Nc6 22. Rfe1 Qc8 23. Bf5 Qb8 24. Bxh7 1-0

[Event "12sen.WM-H Naumburg"]
[Site "Naumburg/Saale(20.10.-03.11.)"]
[Date "2002.10.31"]
[Round "9"]
[White "Ristic, Sreten"]
[Black "Maletzki, Heinz"]
[Result "1-0"]
[WhiteElo "1796"]
[BlackElo "1514"]
[PlyCount "73"]
[EventDate "2002.11.??"]

1. e4 c5 2. Nf3 Nc6 3. d4 cxd4 4. Nxd4 e6 5. Be2 Nge7 6. c3 Ng6 7. f4 Qh4+ 8.
g3 Qd8 9. Nd2 Nxf4 10. gxf4 Qh4+ 11. Kf1 Qh3+ 12. Kf2 Qh4+ 13. Ke3 Nxd4 14.
cxd4 g5 15. fxg5 Qxg5+ 16. Kd3 b6 17. Nc4 Qh4 18. Qe1 Qe7 19. e5 Ba6 20. Rg1 d5
21. exd6 Qxd6 22. b3 Qxh2 23. Qg3 Qxg3+ 24. Rxg3 Bd6 25. Rg7 e5 26. Ke4 Bxc4
27. Bxc4 exd4 28. Rxf7 Bc5 29. Bh6 O-O-O 30. Bf4 Rhe8+ 31. Kd3 Re7 32. Rh1 Rxf7
33. Bxf7 Kb7 34. Rxh7 Kc6 35. a4 Rf8 36. Kc4 Bd6 37. Bd5# 1-0

[Event "12sen.WM-H Naumburg"]
[Site "Naumburg/Saale(20.10.-03.11.)"]
[Date "2002.10.31"]
[Round "9"]
[White "Roellig, Wolfgang"]
[Black "Roettger, Johann"]
[Result "1/2-1/2"]
[WhiteElo "1442"]
[BlackElo "1102"]
[PlyCount "31"]
[EventDate "2002.11.??"]

1. d4 d5 2. h3 e6 3. Bf4 Nc6 4. c3 Be7 5. Nf3 h6 6. e3 a6 7. Bd3 b5 8. a3 Nf6
9. O-O O-O 10. Re1 Re8 11. Nbd2 Bd6 12. Bxd6 Qxd6 13. e4 dxe4 14. Nxe4 Qe7 15.
Nxf6+ Qxf6 16. Qd2 1/2-1/2